Approximation theory in the central limit theorem : exact results in Banach spaces

Saved in:
Bibliographic Details
Main Author: Paulauskas, Vigantas
Other Authors: Rachkauskas, A. IU. (Algredas IUrgevich)
Format: Book
Language:English
Published: Dordrecht : Kluwer Academic Publishers, 1989
Series:Mathematics and its applications
Subjects:
Tags: Add Tag
No Tags, Be the first to tag this record!

MARC

LEADER 00000nam a2200000 i 4500
001 1/74785
008 990525s1989 eng d
020 |a 90-277-2825-9 
035 |l 10049167 
040 |a GR-MY-UA  |b gre  |e aacr 
041 0 |a eng 
082 0 |a 519.2 
100 1 |a Paulauskas, Vigantas. 
245 1 0 |a Approximation theory in the central limit theorem :  |b exact results in Banach spaces /  |c V. Paulauskas and A. Rackauskas 
260 |a Dordrecht :   |b Kluwer Academic Publishers,   |c 1989 
300 |a xv, 156 p.;  |c 24 cm. 
490 1 |a Mathematics and its applications 
500 |a Includes bibliographical references and index 
650 0 0 |a Asymptotic distribution (Probability theory) 
650 0 0 |a Banach spaces. 
650 0 0 |a Central limit theorem. 
650 0 0 |a Convergence. 
700 1 |a Rachkauskas, A. IU.  |q (Algredas IUrgevich) 
830 0 |a Mathematics and its applications 
852 |a INST  |b SAMOS  |e 19990525  |h 519.2 PAU  |p 005300012902  |q 005300012902  |t BK  |y 0 
901 |a BIBL3-1999-2 
909 |a Σ  |b 063923 
922 |a 3ΕΛΗ  |b 199901  |c ΚΠΣ  |d GLORY 
950 |a 116-1998-08-10